000 01475nam a22004337a 4500
001 13239381
003 OSt
005 20210421072726.0
008 030616s2004 paua b 001 0 eng
010 _a 2003054410
020 _a0721601154
035 _a(DNLM)101182216
040 _aDNLM/DLC
_cDLC
_deng
_beng
041 _aeng
042 _apcc
050 0 0 _aRT120.F34
_bP766 2004
060 1 0 _aWY 159.5
_bP965 2004
080 _a613.89
_bB-75
082 0 0 _a613
_221
245 0 0 _aPromoting health in families :
_bapplying family research and theory to nursing practice /
_c[edited by] Perri J. Bomar.
250 _a3rd edition
260 _aPhiladelphia, Pa. :
_bSaunders,
_cc2004.
300 _axxiii, 664 p.
_bill. ;
_c23 cm.
500 _aRev. ed. of: Nurses and family health promotion. 2nd ed. c1996.
504 _aIncludes bibliographical references and index.
650 0 _aFamily nursing.
650 0 _aFamily Medicine
_9119
650 0 _aHealth promotion.
650 0 _aFamilies
_xHealth and hygiene.
650 1 2 _aFamily Nursing.
650 2 2 _aFamily Health.
650 2 2 _aHealth Promotion.
653 _aსაოჯახო მედიცინა
700 1 _aBomar, Perri J.
730 0 _aNurses and family health promotion.
906 _a7
_bcbc
_corignew
_d1
_eocip
_f20
_gy-gencatlg
942 _2udc
_cBK
_e3
999 _c694
_d694